Feeds and feeding : (Record no. 100115)
[ view plain ]
| 000 -LEADER | |
|---|---|
| fixed length control field | 00539cam8a220016900 4500 |
| 005 - DATE AND TIME OF LATEST TRANSACTION | |
| control field | 20190819095941.0 |
| 008 - FIXED-LENGTH DATA ELEMENTS--GENERAL INFORMATION | |
| fixed length control field | 001013 |
| 035 ## - SYSTEM CONTROL NUMBER | |
| System control number | (Sirsi) a143279 |
| 050 #0 - LIBRARY OF CONGRESS CALL NUMBER | |
| Classification number | SF95 |
| Item number | Mor 1954 |
| 100 1# - MAIN ENTRY--PERSONAL NAME | |
| Personal name | Morrison, Frank B. |
| Linkage | A113548.1 |
| 245 10 - TITLE STATEMENT | |
| Title | Feeds and feeding : |
| Remainder of title | a handbook for the student and stockman/ |
| Statement of responsibility, etc. | by Frank B.Morrison. |
| 250 ## - EDITION STATEMENT | |
| Edition statement | 21st ed. |
| 260 ## - PUBLICATION, DISTRIBUTION, ETC. | |
| Place of publication, distribution, etc. | Ithaca,New York : |
| Name of publisher, distributor, etc. | The Morrison Publishing Company, |
| Date of publication, distribution, etc. | 1954. |
| 350 ## - PRICE (NR) (BK AM CF MU VM SE) [OBSOLETE] | |
| Price | 25 |
| 650 #0 - SUBJECT ADDED ENTRY--TOPICAL TERM | |
| Topical term or geographic name entry element | Feeds |
| Linkage | S501.1 |
| 650 #0 - SUBJECT ADDED ENTRY--TOPICAL TERM | |
| Topical term or geographic name entry element | Animal nutrition |
| Linkage | S2150.1 |
No items available.